000
00207 a2200097 4500
001
3564
100
_a
S.R.I
245
_a
Sexual behavior in thehuman female
260
_a
_b
Saunders
_c
090
_c
2828
_d
2828
942
_a
NUST-CAE
_c
M
_c
20313
999
_c
238637
_d
238637